RICS global commercial property survey (Record no. 112614)
[ view plain ]
| 000 -LEADER | |
|---|---|
| fixed length control field | 01708cad a22002415a 4500 |
| 001 - CONTROL NUMBER | |
| control field | L153616 |
| 008 - FIXED-LENGTH DATA ELEMENTS--GENERAL INFORMATION | |
| fixed length control field | 110810s2011 xxkad f s 000 0 eng d |
| 035 ## - SYSTEM CONTROL NUMBER | |
| System control number | (Sirsi) u153616 |
| 041 0# - LANGUAGE CODE | |
| Language code of text/sound track or separate title | eng |
| 050 04 - LIBRARY OF CONGRESS CALL NUMBER | |
| Classification number | 333.33 $2 18 |
| 110 2# - MAIN ENTRY--CORPORATE NAME | |
| Corporate name or jurisdiction name as entry element | Royal Institution of Chartered Surveyors |
| Subordinate unit | Economics |
| 9 (RLIN) | 5033 |
| 245 00 - TITLE STATEMENT | |
| Title | RICS global commercial property survey |
| Remainder of title | Q1 2011 |
| Medium | [electronic resource] |
| 260 ## - PUBLICATION, DISTRIBUTION, ETC. | |
| Place of publication, distribution, etc. | London |
| Name of publisher, distributor, etc. | RICS |
| Date of publication, distribution, etc. | 2011 |
| 490 #0 - SERIES STATEMENT | |
| Series statement | RICS Global Commercial Property Survey United Kingdom |
| Volume/sequential designation | Q1 2011 |
| 520 ## - SUMMARY, ETC. | |
| Summary, etc. | Sentiment in global market reflects the spreading economic recovery. The strongest real estate markets continue to be found in non-Japan Asia and Latin America but emerging European markets see further improvements this quarter. Rental outlook turns positive in the US for the first time but deteriorates in the UK, peripheral Europe, Japan and UAE. Capital value expectations rise again in China and Hong Kong and also pick up sharply in Poland and India. The Q1 2011 survey suggests that real estate markets in emerging economies are continuing to outperform those in the more advanced economies. |
| 520 ## - SUMMARY, ETC. | |
| Summary, etc. | Suite of surveys includes regional commercial property surveys for the Americas; Europe; Hong Kong, China and Singapore; India; Oceania, and United Arab Emirates. An additional file reports key comments from RICS member representatives across the world. |
| 590 ## - LOCAL NOTE (RLIN) | |
| Local note | KA |
| 650 24 - SUBJECT ADDED ENTRY--TOPICAL TERM | |
| Topical term or geographic name entry element | RICS GLOBAL COMMERCIAL PROPERTY SURVEY |
| 651 #4 - SUBJECT ADDED ENTRY--GEOGRAPHIC NAME | |
| Geographic name | International |
| 690 ## - LOCAL SUBJECT ADDED ENTRY--TOPICAL TERM (OCLC, RLIN) | |
| Topical term or geographic name as entry element | PROPERTY-COMMERCIAL PROPERTY-COMMERCIAL PROPERTY MARKET |
| 856 40 - ELECTRONIC LOCATION AND ACCESS | |
| Uniform Resource Identifier | <a href="https://www.rics.org/site/scripts/download_info.aspx?downloadID=7245">https://www.rics.org/site/scripts/download_info.aspx?downloadID=7245</a> |
| Public note | View the suite of surveys free of charge at www.rics.org |
| 942 ## - ADDED ENTRY ELEMENTS (KOHA) | |
| Suppress in OPAC | 0 |
| Withdrawn status | Lost status | Source of classification or shelving scheme | Damaged status | Not for loan | Home library | Current library | Shelving location | Date acquired | Total Checkouts | Full call number | Barcode | Date last seen | Copy number | Price effective from | Koha item type |
|---|---|---|---|---|---|---|---|---|---|---|---|---|---|---|---|
| Dewey Decimal Classification | Virtual | Virtual | Online | 10/08/2011 | ONLINE PUBLICATION | 153616-2001 | 06/08/2019 | 1 | 06/08/2019 | Book |